| 000 | 01100cam a2200337 a 4500 | ||
|---|---|---|---|
| 001 | 1098791 | ||
| 003 | SISC | ||
| 005 | 20160404144754.0 | ||
| 008 | 921119s1992 enk 001 0 eng d | ||
| 010 | _a 92212305 | ||
| 020 | _a1850009643 | ||
| 020 | _a1850009651 (pbk.) | ||
| 035 | _a(OCoLC)26348016 | ||
| 040 |
_aNBuU _cNBuU _dDLC |
||
| 042 | _alccopycat | ||
| 050 | 0 | 0 |
_aHM 101 _b.Ag454 1992 |
| 082 |
_aHS 306.68 _bAg38 1992 |
||
| 100 | 1 |
_aAgger, Ben. _911478 |
|
| 245 | 1 | 0 |
_aCultural studies as critical theory / _cBen Agger. |
| 260 |
_aLondon ; _bFalmer Press, _cc1992. |
||
| 300 |
_a217 p. : _c25 cm. |
||
| 500 | _aIncludes bibliographical references (p. 197-209) and index. | ||
| 650 | 0 |
_aCulture _xStudy and teaching. _911479 |
|
| 650 | 0 |
_aPopular culture _xStudy and teaching. _911480 |
|
| 650 | 0 |
_aCritical theory. _911481 |
|
| 856 | 4 | 2 |
_3Publisher description _uhttp://www.loc.gov/catdir/enhancements/fy0653/92212305-d.html |
| 906 |
_a7 _bcbc _ccopycat _d3 _encip _f19 _gy-gencatlg |
||
| 942 |
_2lcc _cBK |
||
| 999 |
_c8849 _d8849 |
||